| 000 | 00462nam a2200181Ia 4500 | ||
|---|---|---|---|
| 003 | GCL | ||
| 008 | 140319s9999 xx 000 0 eng d | ||
| 040 |
_aGCL / _cGCL |
||
| 082 | 0 | 4 |
_a333.3172 _bR R |
| 100 | 1 | _aRANDALL, LAURA | |
| 245 | 1 | 0 |
_aREFORMING MEXICO'S AGRARIAN REFORM / _cRANDALL, LAURA |
| 260 |
_a[S.N] : _bM.E. SHARPE ، _c1996 |
||
| 300 | _a341 P | ||
| 650 | 0 | 4 | _aLAND REFORM |
| 650 | 0 | 4 | _aMEXICO - CONGRESS |
| 650 | 0 | 4 | _aMEXICO |
| 942 |
_2ddc _cBK |
||
| 999 |
_c13198 _d13198 |
||